Прикладная теория вибронагруженности колесных трелевочных машин (Запись № 1074680)

Подробности
000 -МАРКЕР
контрольное поле 01915nam0a2200337 4500
001 - ИДЕНТИФИКАТОР ЗАПИСИ
контрольное поле RU\NLR\bibl\1685388
005 - ИДЕНТИФИКАТОР ВЕРСИИ
контрольное поле 20260405081635.0
010 ## - МЕЖДУНАРОДНЫЙ СТАНДАРТНЫЙ НОМЕР КНИГИ (ISBN)
Номер (ISBN) 978-5-98187-539-7
Тираж 500
021 ## - НОМЕР ГОСУДАРСТВЕННОЙ РЕГИСТРАЦИИ
Код страны Российская Федерация
Номер 2010-69708
Номер Листа государственной регистраци 4599
035 ## - ДРУГИЕ СИСТЕМНЫЕ НОМЕРА
Идентификатор записи (NLR Aleph) 001676563
100 ## - ДАННЫЕ ОБЩЕЙ ОБРАБОТКИ
Данные общей обработки 20101012d2010 |||y0rusy50 ca
101 0# - ЯЗЫК РЕСУРСА
Язык текста, звукозаписи и т.д. русский
102 ## - СТРАНА ПУБЛИКАЦИИ ИЛИ ПРОИЗВОДСТВА
Страна публикации Российская Федерация
105 ## - ПОЛЕ КОДИРОВАННЫХ ДАННЫХ: ТЕКСТОВЫЕ МАТЕРИАЛЫ, МОНОГРАФИЧЕСКИЕ
Кодированные данные о монографическом текстовом документе a |||||||||
200 1# - ЗАГЛАВИЕ И СВЕДЕНИЯ ОБ ОТВЕТСТВЕННОСТИ
Основное заглавие Прикладная теория вибронагруженности колесных трелевочных машин
Первые сведения об ответственности В.И. Варава, Э.М. Гусейнов, Р.Э. Гусейнов
Последующие сведения об ответственности под ред. д.т.н., проф. В.И. Варавы, д.т.н., проф. Э.М. Гусейнова
-- М-во образования и науки РФ, С.-Петерб. гос. лесотехн. акад. им. С.М. Кирова
210 ## - ПУБЛИКАЦИЯ, РАСПРОСТРАНЕНИЕ И ДР.
Место издания, распространения и т.д. Санкт-Петербург
Имя издателя, распространителя и т. д. Нестор-История
Дата издания, распространения и т.д. 2010
215 ## - ФИЗИЧЕСКАЯ ХАРАКТЕРИСТИКА
Специфическое обозначение материала и объем 157 с.
Другие сведения о физической характеристике ил.
Размеры 21
225 1# - СЕРИЯ
Основное заглавие серии Серия "Классическое образование"
300 ## - ОБЩИЕ ПРИМЕЧАНИЯ
Текст примечания На обороте тит. л. авт.: Варава В.И., Гусейнов Э.М., доктора техн. наук, профессора, Р.Э. Гусейнов, к.т.н.
320 ## - ПРИМЕЧАНИЯ О НАЛИЧИИ В ДОКУМЕНТЕ БИБЛИОГРАФИИ / УКАЗАТЕЛЯ
Текст примечания Библиогр.: с. 147-148 (17 назв.)
606 1# - НАИМЕНОВАНИЕ ТЕМЫ КАК ПРЕДМЕТ
Наименование темы Трелевочные машины колесные
Тематический подзаголовок Вибронагруженность
-- Расчет
Системный номер авторитетной/нормативной записи 2605939
Идентификатор авторитетной/нормативной записи RU\NLR\auth\661542497
686 ## - ИНДЕКСЫ ДРУГИХ КЛАССИФИКАЦИЙ
Индекс П390.2
700 #1 - ИМЯ ЛИЦА - ПЕРВИЧНАЯ ОТВЕТСТВЕННОСТЬ
Код отношения Автор
Материалы, к которым относится поле rus
Графика поля Кириллица
Начальный элемент ввода Варава
Часть имени, кроме начального элемента ввода В. И.
Дополнения к именам, кроме дат д-р техн. наук.
Расширение инициалов личного имени Владимир Иванович
Идентификатор авторитетной/нормативной записи RU\NLR\auth\7725210
Системный номер авторитетной/нормативной записи 8259
701 #1 - ИМЯ ЛИЦА - АЛЬТЕРНАТИВНАЯ ОТВЕТСТВЕННОСТЬ
Код отношения Автор
Материалы, к которым относится поле rus
Графика поля Кириллица
Начальный элемент ввода Гусейнов
Часть имени, кроме начального элемента ввода Э. М. оглы
Расширение инициалов личного имени Элдар Муса оглы
Идентификатор авторитетной/нормативной записи RU\NLR\auth\7728507
Системный номер авторитетной/нормативной записи 11538
701 #1 - ИМЯ ЛИЦА - АЛЬТЕРНАТИВНАЯ ОТВЕТСТВЕННОСТЬ
Начальный элемент ввода Гусейнов
Часть имени, кроме начального элемента ввода Р. Э.
Расширение инициалов личного имени Ренат Элдарович
Код отношения Автор
801 #0 - ИСТОЧНИК ЗАПИСИ
Страна Российская Федерация
Организация NLR
Дата составления 20101012
Правила каталогизации RCR
801 #1 - ИСТОЧНИК ЗАПИСИ
Страна Российская Федерация
Организация NLR
Дата составления 20101012
942 ## - ДОПОЛНИТЕЛЬНЫЕ ЭЛЕМЕНТЫ ЗАПИСИ (АБИС)
Тип экземпляра АБИС Книга
980 ## - КОЛЛЕКЦИЯ
Название коллекции Национальная библиография
Экземпляры
Тип экземпляра Дата поступления Источник поступления Библиотека постоянного хранения Библиотека текущего хранения Место хранения Шифр хранения Штрих-код Статус экземпляра
Книга 12.10.2010 Обязательный экземпляр РНБ (Московский) РНБ (Московский) Русский книжный фонд: издания с 1957 года 2010-3/33228 3266357  
Книга 12.10.2010 Обязательный экземпляр РНБ (Московский) РНБ (Московский) Русский книжный фонд: издания с 1957 года 2010-3/33228 3266359